[Event "El Golaa op 1st"]
[Site "Douz Kebeli "]
[Date "2017.01.17"]
[Round "1"]
[White "Kaabi, Mejdi"]
[Black "Allagui, Mustapha"]
[Result "1-0"]
[WhiteElo "2283"]
[BlackElo "1720"]
[PlyCount "57"]
[EventDate "2017.01.17"]
[EventType "swiss"]
[EventRounds "9"]
[EventCountry "TUN"]
[SourceTitle "EXT 2018"]
[Source "ChessBase"]
[SourceDate "2017.10.13"]
[SourceVersion "1"]
[SourceVersionDate "2017.10.13"]
[SourceQuality "1"]

1. d4 Nf6 2. Nf3 g6 3. g3 Bg7 4. Bg2 d6 5. 0-0 c6 6. c4 0-0 7. Nc3 Qa5 8. d5 c5 9. a3 a6 10. Bd2 Qc7 11. a4 b6 12. h3 h6 13. e4 Nbd7 14. Re1 Bb7 15. Bh1 Nh5 16. Be3 Ne5 17. Nxe5 dxe5 18. Qd2 Kh7 19. a5 bxa5 20. Na4 Nf6 21. Nxc5 Bc8 22. Rxa5 Ne8 23. Rea1 Nd6 24. b3 Rb8 25. Rxa6 Nxc4 26. bxc4 Bxa6 27. Nxa6 Qxc4 28. Nxb8 Rxb8 29. Rc1 1-0